| 000 | 00646cam a2200229 4500500 | ||
|---|---|---|---|
| 005 | 20260329004938.0 | ||
| 041 | _afre | ||
| 042 | _adc | ||
| 100 | 1 | 0 |
_aPortevin, Catherine _eauthor |
| 245 | 0 | 0 | _aL’Arche de mésalliance |
| 260 | _c2021. | ||
| 500 | _a69 | ||
| 690 | _aBullshit jobs | ||
| 690 | _aCompétition | ||
| 690 | _aConcurrence | ||
| 690 | _aCynisme | ||
| 690 | _aDavid Graeber | ||
| 690 | _aMort | ||
| 690 | _aTravail | ||
| 786 | 0 | _nPhilosophie magazine | 153 | 10 | 2021-10-01 | p. 66-66 | 1951-1787 | |
| 856 | 4 | 1 | _uhttps://shs.cairn.info/magazine-philosophie-magazine-2021-10-page-66?lang=fr&redirect-ssocas=7080 |
| 999 |
_c1838811 _d1838811 |
||